[Event "Detroit (Class DE/3/16)"]
[Site "?"]
[Date "1996.??.??"]
[Round "?"]
[White "Ware, C."]
[Black "Felton, H."]
[Result "0-1"]
[WhiteElo "1605"]
[BlackElo "1605"]
[PlyCount "124"]
[EventDate "1996.??.??"]

{3/(16)} 1. d4 d5 2. Nc3 e6 3. Nf3 Nf6 4. Bg5 c5 5. e3 Nc6 6. Bb5 Bd7 7. O-O
cxd4 8. exd4 h6 9. Bh4 Be7 10. Re1 O-O 11. Bxc6 Bxc6 12. Ne5 Rc8 13. a3 Nd7 14.
Bg3 a6 15. Re3 Nxe5 16. Bxe5 Bf6 17. Bg3 Qb6 18. Ne2 Bb5 19. c3 Bxe2 20. Qxe2
Qb3 21. Bd6 Rfd8 22. Bb4 Qc4 23. Qg4 Qc7 24. Rf3 Be7 25. Rg3 g6 26. Re1 Bxb4
27. axb4 Qe7 28. Re5 Qe8 29. Rh5 Kh7 30. Rxh6+ Kxh6 31. Qg5+ Kg7 32. Rh3 Qa4
33. Qh6+ Kf6 34. Rf3+ Ke7 35. Qg5+ Ke8 36. g4 Qa1+ 37. Kg2 Qxb2 38. Rh3 Kd7 39.
Rh7 Rf8 40. Qxg6 Kd6 41. Rxf7 Rxf7 42. Qxf7 Rc7 43. Qf4+ Kc6 44. Qe5 Re7 45. h4
Qxc3 46. Qh8 Qe1 47. Qc8+ Rc7 48. Qe8+ Kb6 49. h5 Qe4+ 50. Kg3 Rc3+ 51. Kh4 Rf3
52. Qc8 Qxd4 53. Qc5+ Qxc5 54. bxc5+ Kxc5 55. h6 Rxf2 56. g5 Kd6 57. Kh5 Ke7
58. Kg6 Kf8 59. Kh7 Rg2 60. Kh8 Kf7 61. h7 Kg6 62. Kg8 Rh2 0-1

[Event "Detroit (MEX/3/5)"]
[Site "?"]
[Date "1996.??.??"]
[Round "?"]
[White "Ward, Tom"]
[Black "Zaremba, Andrei"]
[Result "1/2-1/2"]
[WhiteElo "2210"]
[BlackElo "2025"]
[PlyCount "106"]
[EventDate "1996.??.??"]

{3/(5)} 1. e4 c6 2. d4 d5 3. e5 Bf5 4. Nc3 e6 5. g4 Bg6 6. Nge2 c5 7. h4 h6 8.
Be3 Nc6 9. dxc5 Nxe5 10. Nd4 a6 11. f4 Nc6 12. f5 exf5 13. gxf5 Bh7 14. Qf3 Nf6
15. O-O-O Qd7 16. Bg2 Bxc5 17. Nxc6 Qxc6 18. Bxc5 Qxc5 19. Rhe1+ Kf8 20. Nxd5
Rc8 21. Re2 Nxd5 22. Rxd5 Qg1+ 23. Rd1 Qc5 24. Qd5 Qxd5 25. Rxd5 f6 26. Red2 g5
27. Rd6 gxh4 28. Rxf6+ Kg7 29. Rb6 Bxf5 30. Bxb7 Rc7 31. Bxa6 Re8 32. Rg2+ Kh7
33. Rb7 Ree7 34. Rxc7 Rxc7 35. c3 h3 36. Rf2 Kg6 37. Kd2 Kg5 38. Ke3 h5 39. Bf1
Bg4 40. Rh2 Kh4 41. Kf2 Rf7+ 42. Kg1 Kg3 43. Rd2 Rxf1+ 44. Kxf1 h2 45. Rxh2
Kxh2 46. Kf2 Kh3 47. a4 Bd7 48. a5 Kg4 49. Kg2 Kf4 50. a6 Ke4 51. a7 Bc6 52.
Kg3 Kd3 53. Kh4 Kc2 1/2-1/2

[Event "Detroit (MEX/1/4)"]
[Site "?"]
[Date "1996.??.??"]
[Round "?"]
[White "Ward, Tom"]
[Black "Pence, Mark"]
[Result "1/2-1/2"]
[WhiteElo "2210"]
[BlackElo "2065"]
[PlyCount "135"]
[EventDate "1996.??.??"]

{1/(4)} 1. e4 c5 2. Nf3 d6 3. d4 cxd4 4. Nxd4 Nf6 5. Nc3 a6 6. Bc4 g6 7. O-O
Bg7 8. h3 O-O 9. Bb3 Nc6 10. Bg5 Qb6 11. Nde2 Qd8 12. a4 h6 13. Be3 Bd7 14. Qd2
Kh7 15. Rad1 Na5 16. Nf4 Nxb3 17. cxb3 Bc6 18. Nfd5 Nxd5 19. exd5 Bd7 20. Rfe1
f5 21. f4 Bf6 22. Ne2 Rc8 23. Rc1 Rxc1 24. Rxc1 Qb8 25. Bb6 Rc8 26. Re1 Kg7 27.
Nd4 Re8 28. Rc1 Rc8 29. Re1 Re8 30. Qe2 Qc8 31. Qd2 Qb8 32. Kh1 Rc8 33. Rg1 Re8
34. Re1 Rc8 35. Re3 Re8 36. Qe2 Kf7 37. g4 fxg4 38. hxg4 Qa8 39. Kg1 Kg7 40.
Qg2 Rc8 41. Re1 Re8 42. g5 hxg5 43. fxg5 Be5 44. Nf3 Qb8 45. Nxe5 dxe5 46. Qh2
Rh8 47. Qxe5+ Qxe5 48. Rxe5 Kf7 49. Bc5 e6 50. Kg2 Rh4 51. Kg3 Rh1 52. Re3 Rd1
53. Rf3+ Kg7 54. Bf8+ Kg8 55. d6 e5 56. Be7 Bf5 57. Re3 e4 58. Kf4 Rd3 59. Re2
Rd5 60. b4 Kf7 61. Rh2 Ke6 62. Rc2 Rd3 63. Rc3 Rxc3 64. bxc3 Kd5 65. a5 Kc4 66.
Bf6 Kd5 67. Be7 Kc4 68. Bf6 1/2-1/2

[Event "Lansing (MI Op/1a/3)"]
[Site "?"]
[Date "1996.??.??"]
[Round "?"]
[White "Ward, Tom"]
[Black "Jendras, Gerard"]
[Result "1-0"]
[WhiteElo "2215"]
[BlackElo "1935"]
[PlyCount "51"]
[EventDate "1996.??.??"]

1. e4 e5 2. Bc4 Nf6 3. d3 Be7 4. f4 exf4 5. e5 d5 6. exf6 Bxf6 7. Bb3 O-O 8.
Nf3 Bh4+ 9. Kf1 a5 10. Nc3 a4 11. Bxd5 c6 12. Nxh4 Qxh4 13. Bf3 Re8 14. Bd2 Nd7
15. Ne2 Ne5 16. Nxf4 g5 17. g3 Qh6 18. Nh5 Bh3+ 19. Kf2 Qd6 20. Re1 g4 21. Be4
f5 22. Bh1 Qd4+ 23. Be3 Qd6 24. Qd2 Rad8 25. Qc3 b6 26. Bf4 1-0

[Event "Lansing (MI Op/3/5)"]
[Site "?"]
[Date "1996.??.??"]
[Round "?"]
[White "Ward, Tom"]
[Black "Carroll, Deuvoy"]
[Result "1/2-1/2"]
[WhiteElo "2215"]
[BlackElo "2130"]
[PlyCount "120"]
[EventDate "1996.??.??"]

{3/(5)} 1. e4 d5 2. exd5 Qxd5 3. Nc3 Qa5 4. d4 c6 5. Nf3 Nf6 6. Bc4 Bg4 7. h3
Qh5 8. O-O Bxf3 9. Qxf3 Qxf3 10. gxf3 e6 11. Ne4 Be7 12. Bf4 O-O 13. Kh1 Nd5
14. Bd2 Nd7 15. Bb3 Rad8 16. Rad1 Rfe8 17. Rfe1 Nf8 18. c4 Nf6 19. Be3 Ng6 20.
Nxf6+ Bxf6 21. d5 exd5 22. cxd5 cxd5 23. Bxd5 b6 24. b3 Bc3 25. Rg1 Be5 26. Bc6
Rf8 27. Rd7 Rxd7 28. Bxd7 Rd8 29. Bg4 Kf8 30. Rc1 Ke7 31. Re1 Kf6 32. Rc1 h6
33. Rc6+ Rd6 34. Rxd6+ Bxd6 35. Bc8 Ke5 36. Kg1 Bc5 37. Kf1 Ne7 38. Bb7 Nd5 39.
Bd2 Kd4 40. Ke2 Ba3 41. Be3+ Ke5 42. Bd2 Bc5 43. a4 f6 44. Ba6 Bb4 45. Be3 f5
46. Kd3 g5 47. Bd4+ Kd6 48. Bc8 Ne7 49. Bb7 Bc5 50. Bg7 h5 51. Bf6 g4 52. fxg4
fxg4 53. hxg4 hxg4 54. Bxe7+ Kxe7 55. Bc8 Bxf2 56. Bxg4 a5 57. Kc4 Bc5 58. Kb5
Kd6 59. Be2 Ke5 60. Bc4 Kd4 1/2-1/2

[Event "Lansing (MI Op/6/1)"]
[Site "?"]
[Date "1996.??.??"]
[Round "?"]
[White "Ward, Tom"]
[Black "Avery, Robert W"]
[Result "0-1"]
[WhiteElo "2215"]
[BlackElo "2140"]
[PlyCount "86"]
[EventDate "1996.??.??"]

{6/(1)} 1. e4 e5 2. Bc4 Nf6 3. d3 Bc5 4. Nf3 d6 5. c3 Bb6 6. Nbd2 O-O 7. O-O c6
8. Bb3 Bc7 9. Re1 Re8 10. Nf1 Nbd7 11. Ng3 d5 12. Bg5 h6 13. Be3 b6 14. h3 Bb7
15. Nh2 Kh7 16. Qd2 Nc5 17. Bxc5 bxc5 18. Rad1 g6 19. Ng4 Nxg4 20. hxg4 Qh4 21.
Qe2 Kg7 22. Nf1 Rad8 23. g3 Qg5 24. f3 h5 25. gxh5 Qxh5 26. g4 Qh4 27. Qh2 Qf6
28. Qg3 Qg5 29. Re2 Ba6 30. Bc2 c4 31. Red2 cxd3 32. Bxd3 Bb6+ 33. Kg2 Bb7 34.
Bc2 Rh8 35. Bb3 d4 36. c4 Rh4 37. Bc2 Bc8 38. Bd3 Bxg4 39. Kf2 Qf6 40. Ke2 Be6
41. b4 Rdh8 42. Rb1 Rh3 43. Qg2 Qf4 0-1

[Event "Lansing (MOR/2/3)"]
[Site "?"]
[Date "1996.??.??"]
[Round "?"]
[White "Walquist, Elaine"]
[Black "Raupp, Kenneth A"]
[Result "1-0"]
[WhiteElo "1790"]
[BlackElo "1605"]
[PlyCount "69"]
[EventDate "1996.??.??"]

{2/(3)} 1. e4 e6 2. d4 d5 3. exd5 exd5 4. Bd3 Bd6 5. c4 c6 6. Ne2 Qc7 7. cxd5
cxd5 8. Nbc3 Ne7 9. Bd2 Bd7 10. Rc1 Qb6 11. O-O Bf5 12. Bxf5 Nxf5 13. Nxd5
Bxh2+ 14. Kxh2 Qd6+ 15. Bf4 Qxd5 16. Rc8+ Ke7 17. Rxh8 Nh4 18. f3 Qh5 19. Kg1
Ng6 20. Rxb8 Nxf4 21. Nxf4 Qg5 22. Re1+ Kf6 23. Rxa8 Qxf4 24. Re4 Qd6 25. d5 g6
26. Qd4+ Kg5 27. Qe5+ Qxe5 28. Rxe5+ Kf6 29. Rae8 h5 30. d6 g5 31. d7 h4 32.
d8=Q+ Kg6 33. Qxg5+ Kh7 34. Rg8 f5 35. Qg7# 1-0

[Event "Howell (US Am N/3/23)"]
[Site "?"]
[Date "1996.??.??"]
[Round "?"]
[White "Walquist, Elaine"]
[Black "Rasor, J."]
[Result "0-1"]
[WhiteElo "1750"]
[BlackElo "1605"]
[PlyCount "82"]
[EventDate "1996.??.??"]

{3/(23)} 1. e4 c6 2. d4 d5 3. exd5 cxd5 4. c4 e6 5. Nc3 Nf6 6. c5 Nc6 7. Nf3
Be7 8. Bb5 O-O 9. Qe2 Nd7 10. O-O Bf6 11. Bxc6 bxc6 12. Re1 a5 13. Bf4 Ba6 14.
Qd2 Ra7 15. Bd6 Be7 16. Bxe7 Qxe7 17. Ne5 Nxe5 18. Rxe5 Re8 19. Rae1 Qd8 20.
Na4 Rae7 21. Nb6 f6 22. Rh5 e5 23. dxe5 fxe5 24. Qxa5 Bd3 25. Qc3 e4 26. Qd4
Rf8 27. Rh3 Ref7 28. f3 Qg5 29. Qe3 Qe5 30. Qf2 d4 31. Qh4 e3 32. b4 Bf5 33. g4
Bg6 34. Nc4 Qe6 35. Nd6 Rxf3 36. Rxf3 Rxf3 37. Qd8+ Rf8 38. Qg5 Qxa2 39. Qh4
Qf2+ 40. Qxf2 exf2+ 41. Kf1 Bd3+ 0-1

[Event "Detroit (Class B/1/1)"]
[Site "?"]
[Date "1996.??.??"]
[Round "?"]
[White "Walquist, Elaine"]
[Black "Pope, Nick"]
[Result "1-0"]
[WhiteElo "1710"]
[BlackElo "1790"]
[PlyCount "97"]
[EventDate "1996.??.??"]

{1/(1)} 1. d4 d5 2. e3 Bf5 3. Bd3 Bxd3 4. cxd3 Nf6 5. f4 c6 6. Nf3 e6 7. O-O
Nbd7 8. Nbd2 Rc8 9. e4 dxe4 10. dxe4 Be7 11. e5 Nd5 12. Ne4 c5 13. Kh1 cxd4 14.
Nxd4 Qb6 15. f5 Rc4 16. Nxe6 fxe6 17. Qh5+ Kd8 18. Ng5 Bxg5 19. Bxg5+ Kc8 20.
fxe6 Qxe6 21. Qe2 Nxe5 22. Rfe1 Re8 23. Rad1 Nc7 24. Qxe5 Rc6 25. Qa5 Ra6 26.
Qd2 Qd6 27. Rxe8+ Nxe8 28. Qe2 Qe6 29. Rd8+ Kc7 30. Rxe8 Qxe2 31. Rxe2 Rxa2 32.
Bf4+ Kc6 33. h3 a5 34. Be5 g6 35. Bc3 a4 36. Re6+ Kb5 37. Re7 b6 38. Rxh7 Kc4
39. Rc7+ Kd3 40. Rd7+ Kc2 41. Rb7 a3 42. Rxb6 axb2 43. Rxb2+ Rxb2 44. Bxb2 Kxb2
45. Kh2 Kc3 46. Kg3 Kd4 47. Kf4 Kd5 48. Kg5 Ke6 49. Kxg6 1-0

[Event "Howell (US Am N/5/26)"]
[Site "?"]
[Date "1996.??.??"]
[Round "?"]
[White "Walquist, Elaine"]
[Black "Nixon, Peter"]
[Result "1-0"]
[WhiteElo "1750"]
[BlackElo "1605"]
[PlyCount "41"]
[EventDate "1996.??.??"]

{5/(26)} 1. e4 c5 2. d4 cxd4 3. c3 dxc3 4. Nxc3 Nc6 5. Nf3 d6 6. Bc4 e6 7. O-O
Nf6 8. Bg5 Be7 9. Qe2 Nxe4 10. Nxe4 d5 11. Rfd1 Qc7 12. Bxd5 exd5 13. Rxd5 O-O
14. Bxe7 Qxe7 15. Re1 Be6 16. Rg5 Rfe8 17. b3 Rad8 18. Qb2 f5 19. Nf6+ Kh8 20.
Nxe8 Rxe8 21. Rxe6 1-0

[Event "Detroit (Class B/3/2)"]
[Site "?"]
[Date "1996.??.??"]
[Round "?"]
[White "Walquist, Elaine"]
[Black "McCarter, Robert"]
[Result "1-0"]
[WhiteElo "1710"]
[BlackElo "1780"]
[PlyCount "109"]
[EventDate "1996.??.??"]

{3/(2)} 1. e4 c5 2. d4 cxd4 3. c3 Nf6 4. e5 Nd5 5. cxd4 e6 6. Nf3 Nc6 7. a3 Qc7
8. Be2 d6 9. exd6 Bxd6 10. O-O O-O 11. Nbd2 Rd8 12. Ne4 Be7 13. Qc2 Bd7 14. Be3
Rac8 15. Rac1 Be8 16. Bd3 h6 17. Qd2 Nxe3 18. fxe3 Qd7 19. Nc5 Bxc5 20. Rxc5
Nxd4 21. Rxc8 Nxf3+ 22. gxf3 Rxc8 23. Qe2 Rd8 24. Rd1 Qe7 25. f4 Bc6 26. Qd2
Rd7 27. Qe2 Qf6 28. h3 a6 29. Rc1 Qh4 30. Kh2 Rxd3 31. Rxc6 bxc6 32. Qxd3 Qf2+
33. Kh1 Qf3+ 34. Kh2 Qf2+ 35. Kh1 Qxb2 36. Qxa6 Qc1+ 37. Kg2 Qxe3 38. a4 c5 39.
a5 Kh7 40. Qb6 Qe2+ 41. Kg3 Qe1+ 42. Kf3 Qf1+ 43. Kg3 c4 44. a6 Qe1+ 45. Qf2
Qxf2+ 46. Kxf2 c3 47. Ke2 Kg6 48. a7 Kf5 49. a8=Q c2 50. Qc8 Kxf4 51. Qxc2 g5
52. Qh7 f5 53. Qxh6 Kg3 54. Qxg5+ Kxh3 55. Kf2 1-0

[Event "Howell (US Am N/1/32)"]
[Site "?"]
[Date "1996.??.??"]
[Round "?"]
[White "Walquist, Elaine"]
[Black "Mann, G."]
[Result "1-0"]
[WhiteElo "1750"]
[BlackElo "1605"]
[PlyCount "121"]
[EventDate "1996.??.??"]

{1/(32)} 1. e4 c6 2. d4 d5 3. exd5 cxd5 4. c4 e6 5. Nc3 Nf6 6. c5 a6 7. Bg5
Nbd7 8. Nf3 Be7 9. Bd3 h6 10. Bh4 O-O 11. O-O Nh7 12. Qc2 f5 13. Bxe7 Qxe7 14.
Rfe1 Qf7 15. Ne5 Nxe5 16. Rxe5 Bd7 17. Rae1 Rae8 18. b4 Qg6 19. f4 Nf6 20. b5
Ng4 21. R5e2 Nf6 22. c6 bxc6 23. bxc6 Bxc6 24. Rxe6 Rxe6 25. Rxe6 Bb7 26. Bxf5
Qf7 27. Re5 Re8 28. Qe2 Rxe5 29. fxe5 Ne8 30. Qg4 Kf8 31. Be6 Qc7 32. Qf5+ Ke7
33. Nxd5+ Bxd5 34. Bxd5 Qc1+ 35. Kf2 Qd2+ 36. Kg3 Qe3+ 37. Qf3 Qxd4 38. e6 Qe5+
39. Kh3 Nf6 40. Qa3+ Qd6 41. Qxd6+ Kxd6 42. Bc4 a5 43. Kg3 Ne4+ 44. Kf4 Nc5 45.
Kf5 Ke7 46. g4 Nb7 47. Kg6 Kf8 48. e7+ Kxe7 49. Kxg7 Nd6 50. Bb3 Ne4 51. Kxh6
Nf6 52. h3 a4 53. Bxa4 Ng8+ 54. Kg6 Kf8 55. Bb3 Ne7+ 56. Kf6 Nc6 57. g5 Nd4 58.
g6 Nf5 59. Kxf5 Kg7 60. Kg5 Kh8 61. a4 1-0

[Event "Detroit (MI Team/3/2/3)"]
[Site "?"]
[Date "1996.??.??"]
[Round "?"]
[White "Walquist, Elaine"]
[Black "Mankiewicz, Ryan"]
[Result "1/2-1/2"]
[WhiteElo "1750"]
[BlackElo "2010"]
[PlyCount "143"]
[EventDate "1996.??.??"]

{3/2} 1. d4 Nf6 2. e3 d6 3. Bd3 g6 4. f4 Bg7 5. Nd2 O-O 6. Ngf3 Nbd7 7. O-O Re8
8. f5 e5 9. fxg6 hxg6 10. Ng5 Bh6 11. Nde4 d5 12. Nxf6+ Nxf6 13. Nh3 e4 14. Be2
Bxh3 15. gxh3 Nh7 16. Qe1 Re6 17. Qg3 Qg5 18. Bd2 Rf8 19. h4 Qxg3+ 20. hxg3 f5
21. Rf2 g5 22. hxg5 Nxg5 23. Kg2 Rb6 24. b3 Ne6 25. Raf1 Nxd4 26. exd4 Bxd2 27.
Rxf5 Rxf5 28. Rxf5 Rd6 29. Bh5 e3 30. Kf3 Kg7 31. Bf7 Rh6 32. Bh5 c6 33. g4 Re6
34. Re5 Rxe5 35. dxe5 d4 36. Ke2 Bb4 37. e6 Kf6 38. Bf7 Be7 39. c3 c5 40. c4 a6
41. a4 Ke5 42. Bg8 Kf4 43. Bh7 Kxg4 44. Bg6 Kf4 45. Bh7 Ke5 46. Bg8 Kd6 47. Bf7
Kc6 48. Bg6 Kb6 49. Kd1 Ka5 50. Bd3 Kb4 51. Kc2 Bf6 52. Be2 Ka5 53. Bd3 Kb6 54.
Kd1 Kc7 55. Ke2 Kd6 56. Bf5 Be7 57. Bh7 Kxe6 58. Bd3 Bd8 59. Bg6 Ba5 60. Bd3
Kd6 61. Kd1 Kc6 62. Ke2 Kb6 63. Kd1 Bc3 64. Kc2 Ka5 65. Be2 Kb6 66. Bd3 Kc6 67.
Kd1 Kd6 68. Ke2 Ke5 69. Bg6 b5 70. axb5 axb5 71. Bd3 bxc4 72. bxc4 1/2-1/2

[Event "Detroit (MI Team/2/3/3)"]
[Site "?"]
[Date "1996.??.??"]
[Round "?"]
[White "Walquist, Elaine"]
[Black "Mahabir, Naresh"]
[Result "1-0"]
[WhiteElo "1750"]
[BlackElo "1605"]
[PlyCount "65"]
[EventDate "1996.??.??"]

{2/3} 1. e4 e5 2. Nf3 Nc6 3. d4 d6 4. Bc4 Bg4 5. c3 h6 6. Qb3 Qd7 7. Nbd2 Rb8
8. Bb5 a6 9. Bxc6 Qxc6 10. dxe5 Bxf3 11. Nxf3 Qxe4+ 12. Be3 dxe5 13. O-O-O Nf6
14. Rhe1 Bd6 15. Bxh6 Qg6 16. Bf4 e4 17. Rxd6 cxd6 18. Bxd6 Qh6+ 19. Kb1 Rd8
20. Ne5 Rxd6 21. Nxf7 Qxh2 22. g3 Qxf2 23. Nxd6+ Kd7 24. Rd1 Kc7 25. Qxb7+ Kd8
26. Nxe4+ Ke8 27. Nxf2 Rh2 28. Re1+ Kf8 29. Qc8+ Kf7 30. Ng4 Nxg4 31. Qxg4 Kg8
32. Re8+ Kf7 33. Qe6# 1-0

[Event "Eastpointe (EDO/5/9)"]
[Site "?"]
[Date "1996.??.??"]
[Round "?"]
[White "Walquist, Elaine"]
[Black "Kulbacki, James"]
[Result "0-1"]
[WhiteElo "1750"]
[BlackElo "1915"]
[PlyCount "82"]
[EventDate "1996.??.??"]

{5/(9)} 1. e4 e6 2. d4 d5 3. exd5 exd5 4. Bd3 c5 5. c3 Nc6 6. Ne2 c4 7. Bc2 Bd6
8. Bf4 Nf6 9. O-O Bg4 10. Bxd6 Qxd6 11. f3 Bf5 12. Ng3 Bg6 13. Re1+ Kf8 14. Nd2
Bxc2 15. Qxc2 g6 16. Re3 Kg7 17. Ndf1 Rhe8 18. Rae1 b5 19. Rxe8 Rxe8 20. Ne3
Qd7 21. Kf2 b4 22. h4 h5 23. Ne2 a5 24. Rg1 b3 25. axb3 cxb3 26. Qd2 a4 27. g4
hxg4 28. Nxg4 Nxg4+ 29. Rxg4 Qd6 30. Ng3 Ne7 31. h5 Rh8 32. Qg5 a3 33. Qc1 a2
34. hxg6 fxg6 35. Nf1 Qa6 36. Qf4 Qxf1+ 37. Kxf1 a1=Q+ 38. Kf2 Qxb2+ 39. Ke3
Qxc3+ 40. Ke2 Rh2+ 41. Qxh2 Qc2+ 0-1

[Event "Detroit (Class B/4/1)"]
[Site "?"]
[Date "1996.??.??"]
[Round "?"]
[White "Walquist, Elaine"]
[Black "Johnston, Rowland"]
[Result "0-1"]
[WhiteElo "1710"]
[BlackElo "1750"]
[PlyCount "96"]
[EventDate "1996.??.??"]

{4/(1)} 1. e4 c6 2. d4 d5 3. Nc3 dxe4 4. Nxe4 Bf5 5. Ng5 Nf6 6. Bc4 e6 7. N1f3
h6 8. Nh3 Bd6 9. c3 Qc7 10. a4 a5 11. Bd3 Bg4 12. Nhg1 O-O 13. h3 Bf5 14. Bxf5
exf5 15. Ne2 Re8 16. O-O Ne4 17. Nh4 g6 18. Bxh6 Nd7 19. Nf3 Kh7 20. Qc1 f6 21.
Bf4 g5 22. Bxd6 Qxd6 23. Qc2 Kg7 24. Nh2 Rh8 25. f4 Rh4 26. Nf3 Rh5 27. fxg5
fxg5 28. Nh2 Rf8 29. Rae1 Rh4 30. Nf3 Rh5 31. c4 g4 32. c5 Qc7 33. Ne5 Nxe5 34.
Nf4 Rh6 35. dxe5 Qxe5 36. hxg4 Qd4+ 37. Rf2 Qxf2+ 38. Qxf2 Nxf2 39. Kxf2 fxg4
40. Kg3 Rf7 41. Kxg4 Kh7 42. g3 Rh2 43. Ne6 Kg8 44. Ng5 Rf8 45. b3 Rc2 46. Rb1
Re8 47. Kf4 Rxc5 48. g4 Rf8+ 0-1

[Event "Detroit (WCO/2/7)"]
[Site "?"]
[Date "1996.??.??"]
[Round "?"]
[White "Walquist, Elaine"]
[Black "Jackson, Katrina"]
[Result "1-0"]
[WhiteElo "1750"]
[BlackElo "1605"]
[PlyCount "130"]
[EventDate "1996.??.??"]

{2/(7)} 1. e4 e6 2. d4 d5 3. exd5 Qxd5 4. Nc3 Qd8 5. Nf3 Nf6 6. Bg5 Be7 7. Bd3
Nc6 8. Ne2 O-O 9. c3 Nd5 10. Bd2 f6 11. Qc2 f5 12. O-O-O Bf6 13. g4 Nde7 14. g5
Bxd4 15. Nexd4 Nxd4 16. Nxd4 e5 17. Bc4+ Kh8 18. Nf3 Ng6 19. h4 Qd6 20. h5 Ne7
21. Nh4 Bd7 22. Bb3 c5 23. Rhe1 Rac8 24. a3 c4 25. Ba2 e4 26. Be3 Qc6 27. Bd4
Kg8 28. f3 Qc7 29. Qd2 Ba4 30. fxe4 Bxd1 31. Rxd1 fxe4 32. g6 h6 33. Bb1 Qf4
34. Qxf4 Rxf4 35. Ng2 Rf5 36. Bxe4 Rxh5 37. Bxb7 Rb8 38. Bf3 Rh3 39. Rf1 Nxg6
40. Bd5+ Kh8 41. Bxc4 Rg3 42. Ne3 h5 43. Nf5 Rg4 44. Bxg7+ Kh7 45. Bd4 Rg2 46.
b4 Rg4 47. Be2 Rg2 48. Bxh5 Rg5 49. Bxg6+ Kxg6 50. Ne7+ Kh5 51. Rh1+ Kg4 52.
Nc6 Re8 53. Nxa7 Re2 54. Rg1+ Kf5 55. Rxg5+ Kxg5 56. a4 Re7 57. Kd2 Kf5 58. b5
Rb7 59. b6 Ke6 60. a5 Kd5 61. a6 Rb8 62. b7 Ke6 63. c4 Kf5 64. Nc8 Ke4 65. Ba7
Rxc8 1-0

[Event "Lansing (MOR/4/5)"]
[Site "?"]
[Date "1996.??.??"]
[Round "?"]
[White "Walquist, Elaine"]
[Black "Hill, Brad"]
[Result "0-1"]
[WhiteElo "1730"]
[BlackElo "1640"]
[PlyCount "78"]
[EventDate "1996.??.??"]

{4/(5)} 1. e4 c5 2. d4 cxd4 3. c3 dxc3 4. Nxc3 Nc6 5. Nf3 d6 6. Bc4 e6 7. O-O
Nf6 8. Qe2 Be7 9. Rd1 Bd7 10. Bf4 e5 11. Bg5 Bg4 12. Be3 O-O 13. h3 Bh5 14. Kh2
a6 15. Rac1 Nd7 16. Bd3 Nb4 17. Bb1 Rc8 18. a3 Nc6 19. g4 Bg6 20. Nd5 Nf6 21.
Ng1 Nxd5 22. exd5 Nb8 23. f4 Rxc1 24. Rxc1 Bxb1 25. Rxb1 Qa5 26. Rd1 Nd7 27.
Bc1 f5 28. g5 e4 29. h4 Rc8 30. Qe3 Rc2+ 31. Kh3 Qc5 32. Qe1 Qc4 33. h5 Qb3+
34. Be3 Qxb2 35. Rd2 Rxd2 36. Bxd2 Qxa3+ 37. Bc3 Nb6 38. Kh4 Nxd5 39. Ne2 Nxc3
0-1

[Event "Ann Arbor (Mini-Swiss/2/3)"]
[Site "?"]
[Date "1996.??.??"]
[Round "?"]
[White "Walquist, Elaine"]
[Black "Das, M."]
[Result "1/2-1/2"]
[WhiteElo "1750"]
[BlackElo "1900"]
[PlyCount "81"]
[EventDate "1996.??.??"]

{2/(3)} 1. e4 c6 2. d4 d5 3. Nd2 dxe4 4. Nxe4 Bf5 5. Ng3 Bg6 6. h4 h6 7. h5 Bh7
8. Bc4 e6 9. Bf4 Nf6 10. c3 Bd6 11. Bxd6 Qxd6 12. Qb3 b5 13. Be2 Nbd7 14. Rd1
O-O 15. Bd3 Bxd3 16. Rxd3 Nd5 17. N1e2 N7f6 18. a3 a6 19. Qc2 c5 20. Rh4 c4 21.
Rf3 Rac8 22. Ne4 Nxe4 23. Qxe4 a5 24. Nf4 b4 25. axb4 axb4 26. Nxd5 exd5 27.
Qf4 Rce8+ 28. Kf1 Qa6 29. Qc1 bxc3 30. Rxc3 Re7 31. Rhh3 Qf6 32. Rce3 Rfe8 33.
Rxe7 Rxe7 34. Re3 Qh4 35. Qc3 Qh1+ 36. Ke2 Rxe3+ 37. Qxe3 Qxg2 38. Qe8+ Kh7 39.
Qxf7 Qg4+ 40. Kf1 Qe4 41. Kg1 1/2-1/2

[Event "Eastpointe (EDO/2/5)"]
[Site "?"]
[Date "1996.??.??"]
[Round "?"]
[White "Walquist, Elaine"]
[Black "Chehayeb, Sal"]
[Result "0-1"]
[WhiteElo "1750"]
[BlackElo "2030"]
[PlyCount "78"]
[EventDate "1996.??.??"]

{2/(5)} 1. e4 c5 2. d4 e6 3. Nf3 d5 4. exd5 exd5 5. c4 Nf6 6. Nc3 cxd4 7. Nxd4
Bb4 8. Qa4+ Nc6 9. Nxc6 Bxc3+ 10. bxc3 bxc6 11. Ba3 Qc7 12. cxd5 Qe5+ 13. Kd1
Qxd5+ 14. Qd4 Ne4 15. Ke2 Ba6+ 16. Ke3 Bxf1 17. Rhxf1 O-O-O 18. Qxd5 cxd5 19.
Kd4 Rd7 20. f3 Nf6 21. Rab1 Rc7 22. Bd6 Rc4+ 23. Kd3 Re8 24. Rb8+ Kd7 25. Rxe8
Nxe8 26. Be5 f6 27. Bd4 Ra4 28. Rf2 Nd6 29. Rb2 Kc6 30. g4 Nb5 31. Re2 Nxd4 32.
cxd4 Ra3+ 33. Kc2 Rxa2+ 34. Kd1 Rxe2 35. Kxe2 Kb5 36. Kd3 a5 37. Kc3 a4 38. h4
a3 39. f4 a2 0-1

[Event "Lansing (MI Op/3/18)"]
[Site "?"]
[Date "1996.??.??"]
[Round "?"]
[White "Walker, Douglas"]
[Black "Yahkind, Alex"]
[Result "1-0"]
[WhiteElo "1935"]
[BlackElo "2035"]
[PlyCount "73"]
[EventDate "1996.??.??"]

{3/(18)} 1. d4 d5 2. Nf3 Nf6 3. e3 e6 4. Bd3 c5 5. c3 Nc6 6. O-O Bd6 7. Nbd2
O-O 8. Re1 e5 9. e4 dxe4 10. Nxe4 exd4 11. Nxf6+ gxf6 12. Bh6 Bg4 13. Bxf8 Qxf8
14. h3 Bh5 15. Be4 Rd8 16. Qd3 Qg7 17. Nh4 Ne5 18. Qf1 Bg6 19. f4 Nc6 20. f5
Bh5 21. g4 Kh8 22. Qg2 Qh6 23. Nf3 Rg8 24. Bxc6 bxc6 25. Re4 Bf4 26. cxd4 cxd4
27. Rae1 Be3+ 28. Kf1 c5 29. b4 Qf8 30. bxc5 Qxc5 31. Qe2 Qd5 32. Qd3 Qxa2 33.
Re2 Qa1+ 34. Ne1 a5 35. Kg2 a4 36. Qa6 d3 37. Qxd3 1-0

[Event "Detroit (Class A/4/12)"]
[Site "?"]
[Date "1996.??.??"]
[Round "?"]
[White "Walker, Douglas"]
[Black "Sobocinski, Mike"]
[Result "1/2-1/2"]
[WhiteElo "1885"]
[BlackElo "1965"]
[PlyCount "116"]
[EventDate "1996.??.??"]

{4/(12)} 1. e4 c6 2. d4 d5 3. exd5 cxd5 4. Bd3 Nc6 5. c3 Qc7 6. Nf3 Bg4 7. Nbd2
Nf6 8. h3 Bh5 9. O-O e6 10. Qa4 Bd6 11. Re1 O-O 12. Bb5 Bg6 13. Nh4 Bh5 14.
Ndf3 a6 15. Bd3 Rac8 16. g4 Bg6 17. Nxg6 hxg6 18. Qd1 Rfe8 19. Bd2 e5 20. dxe5
Nxe5 21. Nxe5 Bxe5 22. Qf3 Rcd8 23. Rad1 Re6 24. Bg5 Qd6 25. Kg2 b5 26. Bc2
Ree8 27. Bb3 Qc6 28. Bxf6 gxf6 29. Bxd5 Qc7 30. h4 Kg7 31. Rd3 Rh8 32. Rh1 Qc5
33. Qe4 Bc7 34. b4 Qd6 35. Rhh3 Rhe8 36. Qf3 Bb6 37. Bb7 Qxd3 38. Qxd3 Rxd3 39.
Rxd3 Re2 40. Bxa6 Rxf2+ 41. Kg3 f5 42. g5 f4+ 43. Kg4 Rxa2 44. Bxb5 Be3 45. Rd7
Rd2 46. Rb7 Rg2+ 47. Kf3 Rg3+ 48. Ke2 Rg2+ 49. Kd3 Ra2 50. Rxf7+ Kxf7 51. Bc4+
Ke7 52. Bxa2 Bf2 53. Ke4 Bxh4 54. b5 Bxg5 55. b6 Kd7 56. Bd5 Bd8 57. Kxf4 Bxb6
58. Kg5 Kd6 1/2-1/2

[Event "Lansing (MI Op/1b/3)"]
[Site "?"]
[Date "1996.??.??"]
[Round "?"]
[White "Walker, Douglas"]
[Black "Seawald, Dennis"]
[Result "0-1"]
[WhiteElo "1935"]
[BlackElo "2285"]
[PlyCount "68"]
[EventDate "1996.??.??"]

1. d4 Nf6 2. Nf3 g6 3. c4 Bg7 4. Nc3 O-O 5. e4 d6 6. Bd3 Nc6 7. d5 Nb4 8. O-O
c6 9. a3 Nxd3 10. Qxd3 cxd5 11. cxd5 Bg4 12. Be3 Bxf3 13. gxf3 Qd7 14. Bd4 Qh3
15. Rfd1 Nh5 16. Bxg7 Nf4 17. Qf1 Kxg7 18. Qxh3 Nxh3+ 19. Kf1 Kf6 20. Ne2 Ke5
21. Kg2 Nf4+ 22. Nxf4 Kxf4 23. Rac1 Rac8 24. Rc3 Rxc3 25. bxc3 Rc8 26. Rb1 b6
27. Rc1 Rc4 28. Rc2 g5 29. h3 Ra4 30. Ra2 h5 31. Ra1 b5 32. Rb1 a6 33. Rb4 Rxb4
34. cxb4 h4 0-1

[Event "Lansing (MI Op/7/19)"]
[Site "?"]
[Date "1996.??.??"]
[Round "?"]
[White "Walker, Douglas"]
[Black "Rotberg, Victor"]
[Result "1-0"]
[WhiteElo "1935"]
[BlackElo "1820"]
[PlyCount "131"]
[EventDate "1996.??.??"]

{7/(19)} 1. d4 Nf6 2. Nf3 e6 3. e3 b6 4. Bd3 Bb7 5. Nbd2 d5 6. Ne5 Be7 7. O-O
c5 8. c3 Nbd7 9. f4 O-O 10. Qf3 h6 11. Qh3 Nxe5 12. fxe5 Ne4 13. Bxe4 dxe4 14.
Qg4 Rc8 15. Nxe4 Bxe4 16. Qxe4 Qd7 17. Qg4 Kh7 18. Bd2 Qb5 19. Qe4+ Kg8 20.
Rab1 Qd7 21. Rf2 b5 22. Rbf1 b4 23. Qg4 Qe8 24. h4 Kh7 25. e4 bxc3 26. bxc3 Rc7
27. Qh5 f6 28. Qxe8 Rxe8 29. Bf4 Rb7 30. g3 cxd4 31. cxd4 Rb4 32. exf6 gxf6 33.
e5 f5 34. Be3 Rg8 35. Kh2 Bd8 36. Rc2 Bb6 37. Rc6 Bxd4 38. Bxd4 Rxd4 39. Rxe6
Rd2+ 40. Kh3 Rd3 41. Re7+ Kh8 42. Rg1 f4 43. Rg2 Re3 44. e6 Rf8 45. Rxa7 f3 46.
Rf2 Re2 47. e7 Re8 48. Rxf3 R8xe7 49. Rxe7 Rxe7 50. a4 Re1 51. Ra3 h5 52. a5
Re7 53. a6 Ra7 54. Kg2 Kg7 55. Ra5 Kg6 56. Kf3 Rf7+ 57. Ke4 Re7+ 58. Kd5 Rf7
59. Ke6 Rf6+ 60. Ke7 Rf7+ 61. Ke8 Rf3 62. a7 Re3+ 63. Kd7 Rd3+ 64. Kc6 Rc3+ 65.
Kb6 Rb3+ 66. Ka6 1-0